Μυστικά ομορφιάς

Αποθηκεύτηκε σε:
Λεπτομέρειες βιβλιογραφικής εγγραφής
Κύριος συγγραφέας: Craig, Ann
Άλλοι συγγραφείς: Σταματοπούλου, Ελένη (trlf), Τσουράκης, Διονύσιος Ι. (Επιμελητής έκδοσης)
Μορφή: Βιβλίο
Γλώσσα:Greek
English
Δημοσίευση: [Αθήνα] : Αλκυών, [c1977].
Σειρά:Εμείς οι γυναίκες ; 5
Θέματα:
Ετικέτες: Προσθήκη ετικέτας
Δεν υπάρχουν, Καταχωρήστε ετικέτα πρώτοι!

MARC

LEADER 00000cam a2200000 i 4500
001 1/105299
008 090521s1977 gr | ||| |||| ||gre||
035 |l 10104774 
040 |a GR-MyUA  |b gre  |e AACR2 
041 1 |a gre  |h eng 
082 7 |a 646.72   |2 (22) 
100 1 |a Craig, Ann. 
245 1 0 |a Μυστικά ομορφιάς /   |c της Ann Craig ; [επιμέλεια ύλης και εκδόσεως: Διον. Ι. Τσουράκης ; μετάφραση: Ε. Σταματοπούλου].  
260 |a [Αθήνα] :   |b Αλκυών,   |c [c1977].  
300 |a 144 σ. ;   |c 26 εκ.  
490 1 |a (Εμείς οι γυναίκες ;   |v  5)  
500 |a Τίτλος πρωτοτύπου: Discover a lovelier you.  
650 0 0 |a Beauty, Personal. 
650 0 0 |a Women  |x Health and hygiene. 
700 1 |a Σταματοπούλου, Ελένη,  |e trlf 
700 1 |a Τσουράκης, Διονύσιος Ι.  |e edt 
830 0 |a Εμείς οι γυναίκες ;  |v  5 
852 |a INST  |b RHODES  |c AKA  |e 20090521  |h  646.72 CRA  |p 005400032090  |q 005400032090  |t BK  |y 0 
901 |a BIBL4-2009-2 
909 |a Ρ  |b 157175 
970 |a ΚΟΖΑ  |b ΜΑΡΙΑ  |z 2009/05/21